2025年訪日外国人数 国籍別ランキング - Statistics

General Stats
  • This quiz has been taken 59 times
  • The average score is 19 of 20
Answer Stats
順位 国・地域名 人数 % Correct
1 韓国 9,459,600
100%
2 中国 9,096,300
100%
4 アメリカ 3,306,800
100%
15 フランス 457,600
100%
3 台湾 6,763,400
98%
11 ベトナム 678,500
98%
12 インドネシア 640,600
98%
16 ドイツ 429,500
98%
17 インド 315,100
98%
18 イタリア 309,400
98%
6 タイ 1,233,100
96%
7 オーストラリア 1,058,300
96%
14 イギリス 535,000
96%
10 カナダ 688,000
94%
13 マレーシア 636,600
90%
19 スペイン 245,600
90%
20 ロシア 194,900
90%
8 フィリピン 885,100
88%
9 シンガポール 726,200
88%
5 香港 2,517,300
79%
No matching quizzes found
Score Distribution
Percent of People with Each Score
Percentile by Number Answered
Your Score History
You have not taken this quiz